[Event "CYCC U12"]
[Site "Victoria CAN"]
[Date "2009.07.21"]
[Round "2"]
[White "Lai, Peter"]
[Black "Jensen, Jacob"]
[Result "1/2-1/2"]
[WhiteElo "1773"]
[BlackElo "1635"]
[PlyCount "98"]
[GameId "2160767910093719"]
[EventDate "2009.07.21"]
[EventType "swiss"]
[EventRounds "7"]
[EventCountry "CAN"]

1. d4 Nf6 2. c4 e6 3. Nc3 Bb4 4. Qb3 a5 5. a3 Bxc3+ 6. Qxc3 b6 7. g3 Bb7 8. Nf3 Ne4 9. Qc2 f5 10. Bg2 O-O 11. O-O d6 12. Ng5 Nxg5 13. Bxb7 Ra7 14. Bg2 Nd7 15. Rd1 Qe7 16. Bf4 Nf7 17. e4 e5 18. Be3 fxe4 19. Bxe4 Nf6 20. Bg2 Ng4 21. Re1 Ng5 22. Bxg5 Qxg5 23. f3 Ne3 24. Qb3 Nxg2 25. Kxg2 Qd2+ 26. Kh1 Qxd4 27. Rad1 Qc5 28. Kg2 Kh8 29. Re4 Qc6 30. Qd3 Qe8 31. f4 Ra8 32. fxe5 dxe5 33. Qc3 Rf5 34. g4 Rf4 35. Qe3 Qf7 36. h3 Rf8 37. Rxe5 Rf2+ 38. Kg1 h6 39. b3 Rf1+ 40. Rxf1 Qxf1+ 41. Kh2 Rf2+ 42. Kg3 Rg2+ 43. Kh4 Qf6+ 44. g5 hxg5+ 45. Rxg5 g6 46. Qe5 Qxe5 47. Rxe5 Kg7 48. Re7+ Kh6 49. Re6 Rg1 1/2-1/2

[Event "CYCC U12"]
[Site "Victoria CAN"]
[Date "2009.07.21"]
[Round "2"]
[White "McCleary, Reuben"]
[Black "Kalra, Agastya"]
[Result "1/2-1/2"]
[WhiteElo "1508"]
[BlackElo "1817"]
[PlyCount "80"]
[GameId "2160767910093720"]
[EventDate "2009.07.21"]
[EventType "swiss"]
[EventRounds "7"]
[EventCountry "CAN"]
[SourceTitle "EXT 2011"]
[Source "ChessBase"]
[SourceDate "2011.11.26"]
[SourceVersion "1"]
[SourceVersionDate "2011.11.26"]
[SourceQuality "1"]

1. e4 c5 2. c3 d5 3. exd5 Qxd5 4. d4 Nc6 5. Nf3 Nf6 6. Bf4 Bg4 7. Be2 e6 8. O-O cxd4 9. cxd4 Be7 10. Nc3 Qd7 11. Rc1 O-O 12. h3 Bh5 13. Re1 Rfd8 14. Be3 Bxf3 15. Bxf3 Nxd4 16. Bxd4 Qxd4 17. Qe2 Qf4 18. Red1 Rab8 19. Rc2 b6 20. Rcd2 h6 21. Ne4 Nxe4 22. Bxe4 Rxd2 23. Rxd2 Rc8 24. Rc2 Rd8 25. Bd3 Bc5 26. Rd2 Rc8 27. Rc2 Qg3 28. b4 Rd8 29. Rc3 Bxf2+ 30. Qxf2 Qe5 31. Rb3 Qa1+ 32. Kh2 Qd1 33. Qe2 Qc1 34. Qf3 Rc8 35. Qe4 Kf8 36. Qd4 Kg8 37. Qe4 Kf8 38. Qf3 Kg8 39. Qe4 Kf8 40. Qe5 Kg8 1/2-1/2

[Event "CYCC U12"]
[Site "Victoria CAN"]
[Date "2009.07.21"]
[Round "2"]
[White "McCullough, David"]
[Black "Farias, Durval"]
[Result "1-0"]
[WhiteElo "1293"]
[BlackElo "828"]
[PlyCount "101"]
[GameId "2160767910093721"]
[EventDate "2009.07.21"]
[EventType "swiss"]
[EventRounds "7"]
[EventCountry "CAN"]
[SourceTitle "EXT 2011"]
[Source "ChessBase"]
[SourceDate "2011.11.26"]
[SourceVersion "1"]
[SourceVersionDate "2011.11.26"]
[SourceQuality "1"]

1. d4 e6 2. c4 c5 3. d5 exd5 4. cxd5 d6 5. Nc3 Nf6 6. e4 g6 7. Bg5 h6 8. Bf4 Nh5 9. Bb5+ Bd7 10. Nge2 a6 11. Bxd7+ Nxd7 12. a4 Bg7 13. Bxd6 b6 14. O-O Nf8 15. Bxf8 Bxf8 16. e5 Bg7 17. f4 O-O 18. g4 Qh4 19. gxh5 Qg4+ 20. Ng3 Qxd1 21. Raxd1 b5 22. axb5 axb5 23. Nxb5 Ra2 24. hxg6 Rxb2 25. gxf7+ Kxf7 26. Nd6+ Kg8 27. Rc1 Bxe5 28. fxe5 Rxf1+ 29. Nxf1 h5 30. Rxc5 h4 31. Rc7 h3 32. Ne4 Rg2+ 33. Kh1 Re2 34. Neg3 Rxe5 35. d6 Kf8 36. Re7 Rd5 37. Rh7 Rxd6 38. Rxh3 Ke7 39. Nf5+ Ke6 40. Nxd6 Kxd6 41. Rg3 Kd5 42. h4 Kd4 43. h5 Ke4 44. h6 Kd4 45. h7 Ke4 46. h8=Q Kf4 47. Qh4+ Kf5 48. Rg5+ Kf6 49. Qh6+ Kf7 50. Rg7+ Kf8 51. Qh8# 1-0

[Event "CYCC U12"]
[Site "Victoria CAN"]
[Date "2009.07.21"]
[Round "2"]
[White "Pecherski, Daniel"]
[Black "Lo, Ryan"]
[Result "1-0"]
[WhiteElo "1731"]
[BlackElo "1615"]
[PlyCount "145"]
[GameId "2160767910093722"]
[EventDate "2009.07.21"]
[EventType "swiss"]
[EventRounds "7"]
[EventCountry "CAN"]
[SourceTitle "hb 2009.10"]

1. d4 Nf6 2. c4 g6 3. Nc3 d5 4. e3 Bg7 5. Nf3 O-O 6. Be2 c5 7. O-O Nc6 8. dxc5 dxc4 9. Bxc4 Qa5 10. Nd4 Qxc5 11. Nxc6 Qxc6 12. Qb3 e6 13. Rd1 a6 14. a4 b6 15. Be2 Bb7 16. Bf3 Qc7 17. Bxb7 Qxb7 18. Bd2 Rfd8 19. Rac1 Rab8 20. Be1 Nd5 21. Nxd5 Rxd5 22. Rxd5 Qxd5 23. Qxd5 exd5 24. b3 a5 25. Kf1 Kf8 26. Bc3 Bxc3 27. Rxc3 b5 28. Rc5 bxa4 29. bxa4 Rb1+ 30. Ke2 Rb2+ 31. Kf3 Ra2 32. Rxa5 Ke7 33. Ra7+ Ke6 34. a5 h5 35. a6 Kf6 36. Ra8 Ra4 37. Ke2 Ra2+ 38. Kf3 Ra4 39. h3 Kg7 40. Ke2 Ra2+ 41. Kd3 Rxf2 42. Kd4 Rxg2 43. Kc5 Kf6 44. Rb8 Ra2 45. Rb6+ Ke5 46. h4 Ke4 47. Rd6 Ra1 48. Kb6 Rb1+ 49. Kc7 Ra1 50. Kb7 Rb1+ 51. Rb6 Ra1 52. Rb5 d4 53. exd4 Kxd4 54. Kb6 f5 55. Ra5 Rb1+ 56. Kc7 Rc1+ 57. Kd7 Rb1 58. a7 Rb7+ 59. Ke6 Rxa7 60. Rxa7 f4 61. Rf7 Ke3 62. Kf6 Kf3 63. Kg5 Kg2 64. Rxf4 Kg3 65. Ra4 Kh3 66. Kxg6 Kg3 67. Kxh5 Kf3 68. Kg5 Kg3 69. Ra3+ Kf2 70. Kf4 Kg2 71. Ra2+ Kh3 72. h5 Kh4 73. Rh2# 1-0

[Event "CYCC U12"]
[Site "Victoria CAN"]
[Date "2009.07.21"]
[Round "2"]
[White "Rathburn-MacKay, Hector"]
[Black "Cheng, Guy"]
[Result "0-1"]
[WhiteElo "1436"]
[BlackElo "1292"]
[PlyCount "78"]
[GameId "2160767910093724"]
[EventDate "2009.07.21"]
[EventType "swiss"]
[EventRounds "7"]
[EventCountry "CAN"]
[SourceTitle "hb 2009.10"]

1. e4 c5 2. Nc3 e6 3. g3 Nc6 4. Bg2 d6 5. d3 Nf6 6. Be3 Be7 7. f4 a6 8. Nf3 Qc7 9. Qd2 Ng4 10. Bg1 b5 11. h3 Nf6 12. Ne2 Bb7 13. Be3 Nd7 14. g4 Nb6 15. f5 c4 16. Bg5 d5 17. Nf4 cxd3 18. cxd3 Bb4 19. Rc1 Bxd2+ 20. Nxd2 exf5 21. exd5 Nxd5 22. Bxd5 O-O 23. gxf5 Qe5+ 24. Ne4 Na5 25. Bxb7 Nxb7 26. f6 Rfe8 27. Kd1 Nd6 28. Rc5 Qxb2 29. Nxd6 Re5 30. Nd5 Qb1+ 31. Kd2 Qxa2+ 32. Kc3 Rxd5 33. Rxd5 Qxd5 34. Ne4 Rc8+ 35. Kd2 Re8 36. Rc1 h6 37. fxg7 Rxe4 38. Bxh6 Qa2+ 39. Rc2 Re2+ 0-1

[Event "CYCC U12"]
[Site "Victoria CAN"]
[Date "2009.07.21"]
[Round "2"]
[White "Sabaratnam, Thiruvaran"]
[Black "Fu, James"]
[Result "0-1"]
[WhiteElo "1632"]
[BlackElo "1806"]
[PlyCount "106"]
[GameId "2160767910093725"]
[EventDate "2009.07.21"]
[EventType "swiss"]
[EventRounds "7"]
[EventCountry "CAN"]
[SourceTitle "EXT 2011"]
[Source "ChessBase"]
[SourceDate "2011.11.26"]
[SourceVersion "1"]
[SourceVersionDate "2011.11.26"]
[SourceQuality "1"]

1. e4 e5 2. Nc3 Nc6 3. Bc4 Bc5 4. d3 Nge7 5. f4 exf4 6. Bxf4 Ng6 7. Bg3 Bxg1 8. Rxg1 O-O 9. Qd2 d6 10. O-O-O a6 11. Rdf1 Nd4 12. Bxf7+ Rxf7 13. Rxf7 Kxf7 14. Qf2+ Qf6 15. Qxf6+ gxf6 16. Rf1 Be6 17. Bf2 Nb5 18. Ne2 c5 19. c4 Nc7 20. Bg3 Ne5 21. Kc2 Rg8 22. Nf4 Ng4 23. Kd2 b5 24. b3 Ke7 25. Nh5 Bf7 26. Nf4 Ne5 27. Bh4 Ng6 28. Bxf6+ Kd7 29. g3 Nxf4 30. Rxf4 Ne6 31. Rf1 Bg6 32. Ke3 Rf8 33. Rf2 Bh5 34. h3 bxc4 35. dxc4 Nd4 36. g4 Bg6 37. Kd3 Nc6 38. Ke3 Re8 39. Rf4 Nb4 40. a3 Nc2+ 41. Kd3 Ne1+ 42. Kd2 Ng2 43. Rf2 Bxe4 44. h4 Bc6 45. h5 Ne3 46. g5 Ng4 47. Rf4 Nxf6 48. Rxf6 Be4 49. Rf7+ Re7 50. Rf6 Rg7 51. Ke3 Bc2 52. b4 cxb4 53. axb4 Rxg5 0-1

[Event "CYCC U12"]
[Site "Victoria CAN"]
[Date "2009.07.21"]
[Round "2"]
[White "Violette, Sebastien"]
[Black "Qian, Jack"]
[Result "0-1"]
[WhiteElo "1150"]
[BlackElo "1319"]
[PlyCount "66"]
[GameId "2160767910093726"]
[EventDate "2009.07.21"]
[EventType "swiss"]
[EventRounds "7"]
[EventCountry "CAN"]
[SourceTitle "EXT 2011"]
[Source "ChessBase"]
[SourceDate "2011.11.26"]
[SourceVersion "1"]
[SourceVersionDate "2011.11.26"]
[SourceQuality "1"]

1. e4 c5 2. Nf3 d6 3. d4 Nf6 4. Nc3 cxd4 5. Nxd4 g6 6. Bd3 Nc6 7. Bb5 Bd7 8. Nxc6 bxc6 9. Bd3 Bg7 10. O-O O-O 11. Be3 Ng4 12. Bd2 Rb8 13. b3 c5 14. Qe2 Ne5 15. Bb5 Nc6 16. Bxc6 Bxc6 17. Rab1 Bxc3 18. Bxc3 Bb5 19. Qf3 Bxf1 20. Rxf1 f5 21. exf5 Rxf5 22. Qe4 d5 23. Qe6+ Kf8 24. Bh8 Rb6 25. Qe2 Kf7 26. Bb2 Re6 27. Qb5 Qb6 28. Qd7 Rd6 29. Qc8 Rd8 30. Qxf5+ gxf5 31. f3 d4 32. Rd1 c4 33. c3 dxc3+ 0-1

[Event "CYCC U12"]
[Site "Victoria CAN"]
[Date "2009.07.22"]
[Round "3"]
[White "Farias, Durval"]
[Black "Rathburn-MacKay, Hector"]
[Result "0-1"]
[WhiteElo "828"]
[BlackElo "1436"]
[PlyCount "52"]
[GameId "2160767910093728"]
[EventDate "2009.07.21"]
[EventType "swiss"]
[EventRounds "7"]
[EventCountry "CAN"]
[SourceTitle "EXT 2011"]
[Source "ChessBase"]
[SourceDate "2011.11.26"]
[SourceVersion "1"]
[SourceVersionDate "2011.11.26"]
[SourceQuality "1"]

1. e3 g6 2. g4 Bg7 3. Bc4 d6 4. Qf3 e6 5. d4 Bd7 6. d5 e5 7. a4 Ne7 8. Bb5 O-O 9. Bxd7 Qxd7 10. h4 f5 11. g5 e4 12. Qh3 Nxd5 13. f3 Re8 14. Nc3 Nxc3 15. Bd2 Nd5 16. O-O-O Qxa4 17. Bc3 Bxc3 18. bxc3 Qa1+ 19. Kd2 Qxc3+ 20. Ke2 exf3+ 21. Kf1 Nxe3+ 22. Kf2 Nxd1+ 23. Kg3 f2+ 24. Kg2 fxg1=Q+ 25. Rxg1 Re2+ 26. Kh1 Qxh3# 0-1

[Event "CYCC U12"]
[Site "Victoria CAN"]
[Date "2009.07.22"]
[Round "3"]
[White "Fu, James"]
[Black "Pecherski, Daniel"]
[Result "1/2-1/2"]
[WhiteElo "1806"]
[BlackElo "1731"]
[PlyCount "82"]
[GameId "2160767910093729"]
[EventDate "2009.07.21"]
[EventType "swiss"]
[EventRounds "7"]
[EventCountry "CAN"]
[SourceTitle "hb 2009.10"]

1. e4 e6 2. d4 d5 3. Nc3 Nf6 4. Bd3 dxe4 5. Bxe4 Bb4 6. Bg5 Nbd7 7. Nge2 h6 8. Bxf6 Nxf6 9. O-O Nxe4 10. Nxe4 O-O 11. Qd3 b6 12. a3 Be7 13. Rad1 Bb7 14. Rfe1 Qd7 15. Nf4 Rfd8 16. Qg3 Bxe4 17. Rxe4 Bd6 18. Qf3 Bxf4 19. Qxf4 Qd6 20. Qe3 Rd7 21. h4 Rad8 22. Rg4 Kh8 23. c4 e5 24. Qc3 exd4 25. Rdxd4 Qxd4 26. Rxd4 Rxd4 27. g3 c5 28. b4 Rd3 29. Qb2 Rd2 30. Qb3 cxb4 31. axb4 Kg8 32. Qa4 R8d7 33. c5 bxc5 34. bxc5 R2d5 35. Kg2 g6 36. Qb4 Kh7 37. c6 Rc7 38. Qf4 Re7 39. Qf6 Rc7 40. Qf4 Re7 41. Qf6 Rc7 1/2-1/2

[Event "CYCC U12"]
[Site "Victoria CAN"]
[Date "2009.07.22"]
[Round "3"]
[White "Herdin, Matthew"]
[Black "Violette, Sebastien"]
[Result "1-0"]
[WhiteElo "1480"]
[BlackElo "1150"]
[PlyCount "63"]
[GameId "2160767910093730"]
[EventDate "2009.07.21"]
[EventType "swiss"]
[EventRounds "7"]
[EventCountry "CAN"]
[SourceTitle "EXT 2011"]
[Source "ChessBase"]
[SourceDate "2011.11.26"]
[SourceVersion "1"]
[SourceVersionDate "2011.11.26"]
[SourceQuality "1"]

1. d4 Nf6 2. e3 g6 3. Nf3 Bg7 4. Bd3 d5 5. h3 Nc6 6. O-O Nb4 7. Be2 Bf5 8. Na3 Ne4 9. c3 Nc6 10. Nd2 Nxd2 11. Qxd2 e5 12. b3 Qg5 13. f4 exf4 14. exf4 Qh4 15. Qe3+ Be4 16. Bf3 f5 17. Bxe4 fxe4 18. Bb2 O-O-O 19. Rf2 Bh6 20. g3 Qxh3 21. Rh2 Bxf4 22. Qxf4 Qf5 23. Qxf5+ gxf5 24. c4 h5 25. Rf1 Ne7 26. Nb5 Kb8 27. Ba3 Rde8 28. Bxe7 Rxe7 29. Rxf5 c6 30. Rhxh5 Rxh5 31. Rf8+ Re8 32. Rxe8# 1-0

[Event "CYCC U12"]
[Site "Victoria CAN"]
[Date "2009.07.22"]
[Round "3"]
[White "Hui, Jeremy"]
[Black "Lai, Peter"]
[Result "0-1"]
[WhiteElo "1500"]
[BlackElo "1773"]
[PlyCount "55"]
[GameId "2160767910093731"]
[EventDate "2009.07.21"]
[EventType "swiss"]
[EventRounds "7"]
[EventCountry "CAN"]
[SourceTitle "hb 2009.10"]

1. e4 e6 2. d4 d5 3. e5 c5 4. c3 Nc6 5. Nf3 Qb6 6. Be2 Nh6 7. Bxh6 gxh6 8. Qd2 Bg7 9. O-O O-O 10. Na3 f6 11. exf6 Rxf6 12. Rab1 cxd4 13. Nxd4 e5 14. Ndc2 Be6 15. b3 Rd8 16. Bb5 Ne7 17. Rbd1 a6 18. Ba4 Bg4 19. Rde1 Rdf8 20. Ne3 Be6 21. b4 h5 22. Bb3 Bh6 23. Rd1 Rxf2 24. Rxf2 Bxe3 25. Qe2 Bxf2+ 26. Kh1 Qe3 27. Qxh5 Be1 28. Bc4 0-1

[Event "CYCC U12"]
[Site "Victoria CAN"]
[Date "2009.07.22"]
[Round "3"]
[White "Kalra, Agastya"]
[Black "McCullough, David"]
[Result "1-0"]
[WhiteElo "1817"]
[BlackElo "1373"]
[PlyCount "47"]
[GameId "2160767910093732"]
[EventDate "2009.07.21"]
[EventType "swiss"]
[EventRounds "7"]
[EventCountry "CAN"]
[SourceTitle "hb 2009.10"]

1. e4 e6 2. d4 d5 3. Nc3 Bb4 4. e5 c5 5. a3 cxd4 6. axb4 dxc3 7. bxc3 Qc7 8. f4 Qxc3+ 9. Bd2 Qc7 10. Bd3 Ne7 11. Nf3 a6 12. O-O O-O 13. b5 Bd7 14. Bxh7+ Kh8 15. Bd3 Qb6+ 16. Kh1 Bxb5 17. Ng5 Nf5 18. Bxf5 exf5 19. e6 g6 20. Bc3+ Kg8 21. Qe1 Qc7 22. e7 f6 23. exf8=Q+ Kxf8 24. Ne6+ 1-0

[Event "CYCC U12"]
[Site "Victoria CAN"]
[Date "2009.07.22"]
[Round "3"]
[White "Lo, Ryan"]
[Black "McCleary, Reuben"]
[Result "1-0"]
[WhiteElo "1615"]
[BlackElo "1508"]
[PlyCount "67"]
[GameId "2160767910093733"]
[EventDate "2009.07.21"]
[EventType "swiss"]
[EventRounds "7"]
[EventCountry "CAN"]
[SourceTitle "EXT 2011"]
[Source "ChessBase"]
[SourceDate "2011.11.26"]
[SourceVersion "1"]
[SourceVersionDate "2011.11.26"]
[SourceQuality "1"]

1. d4 e6 2. c4 d5 3. Nc3 c5 4. cxd5 cxd4 5. Qxd4 Nc6 6. Qd1 exd5 7. Qxd5 Bd7 8. Nf3 Nf6 9. Qd1 Bb4 10. a3 Bxc3+ 11. bxc3 O-O 12. g3 Qc7 13. Bf4 Qa5 14. Qc1 Ne4 15. Bd2 Rfd8 16. Bg2 Rac8 17. h3 Bf5 18. Qb2 Rc7 19. O-O Rcd7 20. Be1 Qc5 21. a4 Nxg3 22. Qb5 Qxb5 23. axb5 Nxe2+ 24. Kh2 Ne7 25. Rxa7 Ng6 26. Nd4 Nxd4 27. cxd4 Rxd4 28. Rxb7 R4d7 29. Rxd7 Rxd7 30. b6 Rd3 31. Ba5 Rb3 32. Rc1 Bd3 33. b7 Ba6 34. Rc8+ 1-0

[Event "CYCC U12"]
[Site "Victoria CAN"]
[Date "2009.07.22"]
[Round "3"]
[White "Qian, Jack"]
[Black "Sabaratnam, Thiruvaran"]
[Result "1/2-1/2"]
[WhiteElo "1319"]
[BlackElo "1632"]
[PlyCount "69"]
[GameId "2160767910093734"]
[EventDate "2009.07.21"]
[EventType "swiss"]
[EventRounds "7"]
[EventCountry "CAN"]
[SourceTitle "EXT 2011"]
[Source "ChessBase"]
[SourceDate "2011.11.26"]
[SourceVersion "1"]
[SourceVersionDate "2011.11.26"]
[SourceQuality "1"]

1. e4 e5 2. Nf3 Nc6 3. d4 exd4 4. Nxd4 Nxd4 5. Qxd4 d6 6. Bc4 Nf6 7. Nc3 Be7 8. O-O O-O 9. f4 b6 10. Be3 Ng4 11. Kh1 Nxe3 12. Qxe3 Bb7 13. Rad1 Rc8 14. Rd2 Kh8 15. Rdf2 d5 16. Bxd5 Bxd5 17. Nxd5 Bc5 18. Qc3 Bxf2 19. Rxf2 c6 20. Nb4 Qd7 21. Rd2 Qg4 22. g3 c5 23. Nd5 Rce8 24. Qe3 Qe6 25. e5 Qf5 26. Qd3 Qg4 27. Nc7 Rc8 28. Nb5 a6 29. Nd6 Rc7 30. Qe4 Rd7 31. Rd3 Kg8 32. Kg2 Rfd8 33. b3 h6 34. h3 Qe6 35. Qc6 1/2-1/2

[Event "CYCC U12"]
[Site "Victoria CAN"]
[Date "2009.07.22"]
[Round "4"]
[White "Jensen, Jacob"]
[Black "Cheng, Guy"]
[Result "1/2-1/2"]
[WhiteElo "1635"]
[BlackElo "1292"]
[PlyCount "120"]
[GameId "2160767910093736"]
[EventDate "2009.07.21"]
[EventType "swiss"]
[EventRounds "7"]
[EventCountry "CAN"]
[SourceTitle "EXT 2011"]
[Source "ChessBase"]
[SourceDate "2011.11.26"]
[SourceVersion "1"]
[SourceVersionDate "2011.11.26"]
[SourceQuality "1"]

1. c4 e5 2. Nc3 Nf6 3. g3 Bc5 4. Bg2 O-O 5. Nf3 Re8 6. d3 h6 7. O-O c6 8. Qc2 Bb6 9. b4 a5 10. b5 d5 11. Ba3 Nbd7 12. Rab1 Bc5 13. Bxc5 Nxc5 14. bxc6 bxc6 15. cxd5 cxd5 16. Rfc1 Ncd7 17. Nb5 Rb8 18. Nd6 Rxb1 19. Rxb1 Rf8 20. Qc6 e4 21. dxe4 dxe4 22. Nxe4 Nxe4 23. Qxe4 Nf6 24. Qd4 Qe7 25. e3 Be6 26. a4 Nd5 27. Ne5 Nb4 28. Nc6 Nxc6 29. Bxc6 Rd8 30. Qb2 Bf5 31. Rc1 Qd6 32. Bg2 Qd2 33. Qxd2 Rxd2 34. h3 Ra2 35. Rc5 Bc2 36. Rxa5 Rxa4 37. Rxa4 Bxa4 38. f4 f6 39. Bd5+ Kf8 40. Kf2 Bd7 41. h4 Bg4 42. Ke1 Ke7 43. Kd2 Kd6 44. Bb3 g5 45. fxg5 hxg5 46. hxg5 fxg5 47. e4 Ke5 48. Ke3 Bh5 49. Bd5 Be8 50. Bg8 Bd7 51. Bh7 Bc8 52. Bg6 Bd7 53. Kf3 g4+ 54. Ke3 Bc6 55. Bf5 Bb7 56. Bxg4 Bxe4 57. Bf3 Bg6 58. g4 Kf6 59. Kf4 Kg7 60. Kg5 Be8 1/2-1/2

[Event "CYCC U12"]
[Site "Victoria CAN"]
[Date "2009.07.22"]
[Round "4"]
[White "Lai, Peter"]
[Black "Pecherski, Daniel"]
[Result "0-1"]
[WhiteElo "1773"]
[BlackElo "1731"]
[PlyCount "79"]
[GameId "2160767910093737"]
[EventDate "2009.07.21"]
[EventType "swiss"]
[EventRounds "7"]
[EventCountry "CAN"]
[SourceTitle "hb 2009.10"]

1. d4 d5 2. c4 e6 3. Nc3 Nf6 4. Bg5 Be7 5. e3 O-O 6. Nf3 h6 7. Bh4 b6 8. cxd5 Nxd5 9. Bxe7 Qxe7 10. Rc1 Nxc3 11. Rxc3 Bb7 12. Bd3 Na6 13. a3 Rfd8 14. Qe2 Nb8 15. O-O a5 16. Rfc1 Rc8 17. Nd2 Ba6 18. Bxa6 Nxa6 19. Nc4 Qd8 20. h3 c5 21. Ne5 cxd4 22. Rxc8 Rxc8 23. Nc6 d3 24. Qd2 Rxc6 25. Rxc6 Nc5 26. b4 axb4 27. axb4 Ne4 28. Qd1 d2 29. Rc2 Qd3 30. f3 Qxe3+ 31. Kh2 Qe1 32. Rxd2 Qxd2 33. Qxd2 Nxd2 34. Kg3 Nc4 35. Kf4 Na3 36. Ke5 Nc2 37. b5 Na3 38. Kd6 Nxb5+ 39. Kc6 Nd4+ 40. Kxb6 0-1

[Event "CYCC U12"]
[Site "Victoria CAN"]
[Date "2009.07.22"]
[Round "4"]
[White "Lo, Ryan"]
[Black "Kalra, Agastya"]
[Result "0-1"]
[WhiteElo "1615"]
[BlackElo "1817"]
[PlyCount "128"]
[GameId "2160767910093738"]
[EventDate "2009.07.21"]
[EventType "swiss"]
[EventRounds "7"]
[EventCountry "CAN"]
[SourceTitle "hb 2009.10"]

1. d4 Nf6 2. c4 c5 3. d5 b5 4. Nf3 g6 5. g3 Bg7 6. Bg2 d6 7. a4 b4 8. O-O O-O 9. Nbd2 a5 10. Re1 Bb7 11. e4 Nbd7 12. Rb1 Ng4 13. h3 Nge5 14. Qc2 Ba6 15. b3 Qc7 16. Bb2 Rfe8 17. Nxe5 Nxe5 18. Nf3 Nxf3+ 19. Bxf3 Bxb2 20. Rxb2 Bb7 21. Bg2 Rad8 22. Rbb1 Rd7 23. Rbd1 Rb8 24. Kh2 Bc8 25. h4 Qd8 26. Bh3 Rdb7 27. Bxc8 Qxc8 28. Kg2 Qf8 29. Qb2 Qg7 30. Qxg7+ Kxg7 31. f4 Re8 32. Rf1 e6 33. Rde1 Rbe7 34. Kf2 exd5 35. exd5 Rxe1 36. Rxe1 Rxe1 37. Kxe1 Kf6 38. Ke2 Kf5 39. Kf3 h5 40. Kf2 Kg4 41. Kg2 f6 42. Kf2 Kh3 43. Kf3 f5 44. Kf2 Kh2 45. Kf3 Kg1 46. g4 hxg4+ 47. Kg3 Kf1 48. h5 gxh5 49. Kh4 Kf2 50. Kxh5 Ke3 51. Kg5 Ke4 52. Kf6 g3 53. Ke6 g2 54. Kxd6 g1=Q 55. Kc7 Qd1 56. d6 Qxb3 57. d7 Qd3 58. d8=Q Qxd8+ 59. Kxd8 b3 60. Kc7 b2 61. Kb6 b1=Q+ 62. Kxa5 Qb4+ 63. Ka6 Qxa4+ 64. Kb6 Qxc4 0-1

[Event "CYCC U12"]
[Site "Victoria CAN"]
[Date "2009.07.22"]
[Round "4"]
[White "Rathburn-MacKay, Hector"]
[Black "McCleary, Reuben"]
[Result "1/2-1/2"]
[WhiteElo "1436"]
[BlackElo "1508"]
[PlyCount "65"]
[GameId "2160767910093740"]
[EventDate "2009.07.21"]
[EventType "swiss"]
[EventRounds "7"]
[EventCountry "CAN"]
[SourceTitle "EXT 2011"]
[Source "ChessBase"]
[SourceDate "2011.11.26"]
[SourceVersion "1"]
[SourceVersionDate "2011.11.26"]
[SourceQuality "1"]

1. e4 c5 2. Nc3 e6 3. g3 d5 4. Bg2 Nf6 5. d3 d4 6. Nce2 Nc6 7. f4 e5 8. Nf3 Bd6 9. c3 O-O 10. O-O b6 11. cxd4 cxd4 12. fxe5 Bxe5 13. Bf4 Bxf4 14. gxf4 Ng4 15. Qa4 Bb7 16. Rac1 Ne3 17. Rf2 Ng4 18. Rff1 Ne3 19. Rfe1 Nxg2 20. Kxg2 Qd6 21. Rf1 Rfd8 22. Qb3 Rac8 23. Kh1 Ba6 24. Ne5 Nxe5 25. fxe5 Qe6 26. Qxe6 fxe6 27. Nf4 Kf7 28. Rxc8 Rxc8 29. Rf3 Ke7 30. Rg3 Kf7 31. Rf3 Rc2 32. Nd5+ Ke8 33. Nf4 1/2-1/2

[Event "CYCC U12"]
[Site "Victoria CAN"]
[Date "2009.07.22"]
[Round "4"]
[White "Sabaratnam, Thiruvaran"]
[Black "Hui, Jeremy"]
[Result "0-1"]
[WhiteElo "1632"]
[BlackElo "1500"]
[PlyCount "110"]
[GameId "2160767910093741"]
[EventDate "2009.07.21"]
[EventType "swiss"]
[EventRounds "7"]
[EventCountry "CAN"]
[SourceTitle "EXT 2011"]
[Source "ChessBase"]
[SourceDate "2011.11.26"]
[SourceVersion "1"]
[SourceVersionDate "2011.11.26"]
[SourceQuality "1"]

1. e4 e6 2. Nf3 d5 3. Nc3 Nf6 4. e5 Nfd7 5. d4 c5 6. dxc5 Bxc5 7. Bd3 Nc6 8. Bf4 Qb6 9. O-O h6 10. a3 O-O 11. Qd2 f5 12. exf6 Rxf6 13. Bg3 Ne7 14. Na4 Qc6 15. Nxc5 Qxc5 16. Rfe1 Nb6 17. Bh4 Rf8 18. Ne5 Nf5 19. Bxf5 Rxf5 20. Ng6 Rf7 21. Qe2 Bd7 22. Ne5 Bb5 23. Qg4 Rf5 24. Ng6 Re8 25. h3 Bd7 26. c3 e5 27. Qg3 e4 28. b4 Qc6 29. Ne7+ Rxe7 30. Bxe7 Qe6 31. Bc5 Rg5 32. Qh2 Nc4 33. Be3 Rg6 34. g3 Qxh3 35. Qxh3 Bxh3 36. Bxa7 Nd2 37. Kh2 Bg4 38. Re3 Rg5 39. Rh1 Bf3 40. Rxf3 Rh5+ 41. Kg1 Nxf3+ 42. Kg2 Rxh1 43. Kxh1 Kf7 44. Kg2 Ke6 45. a4 Kd6 46. a5 Kc6 47. Kh3 Kb5 48. Kg4 Kc4 49. Kf4 Kxc3 50. Bc5 Kc4 51. Ke3 h5 52. Bd6 g5 53. Bc5 h4 54. gxh4 gxh4 55. Bd6 h3 0-1

[Event "CYCC U12"]
[Site "Victoria CAN"]
[Date "2009.07.22"]
[Round "4"]
[White "Violette, Sebastien"]
[Black "Farias, Durval"]
[Result "1-0"]
[WhiteElo "1150"]
[BlackElo "828"]
[PlyCount "113"]
[GameId "2160767910093742"]
[EventDate "2009.07.21"]
[EventType "swiss"]
[EventRounds "7"]
[EventCountry "CAN"]
[SourceTitle "EXT 2011"]
[Source "ChessBase"]
[SourceDate "2011.11.26"]
[SourceVersion "1"]
[SourceVersionDate "2011.11.26"]
[SourceQuality "1"]

1. e4 e6 2. d4 g6 3. Nc3 h6 4. Bd3 Bg7 5. Nf3 Nf6 6. e5 Ng4 7. Qe2 h5 8. Bg5 f6 9. exf6 Bxf6 10. Bxg6+ Kf8 11. h4 Kg7 12. Bd3 d5 13. Bxf6+ Kxf6 14. Ne5 Nxe5 15. Qxe5+ Kf7 16. O-O-O a5 17. Rh3 Rh6 18. Rf3+ Rf6 19. Qxh5+ Ke7 20. Rxf6 Kxf6 21. Qg6+ Ke7 22. Qg5+ Ke8 23. Bg6+ Kd7 24. Qxd8+ Kxd8 25. h5 Bd7 26. h6 Nc6 27. h7 Ke7 28. Rh1 Kf6 29. Bd3 Rh8 30. Nb5 Nb4 31. Nxc7 Nxa2+ 32. Kd2 a4 33. Bb5 Bxb5 34. Nxb5 e5 35. dxe5+ Kxe5 36. f3 Kf6 37. Ke3 Kg7 38. Kd4 Rxh7 39. Rxh7+ Kxh7 40. Kxd5 Nc1 41. f4 Ne2 42. f5 Nf4+ 43. Ke5 Nxg2 44. f6 Nh4 45. f7 Ng6+ 46. Kf6 b6 47. c4 Kh6 48. Nd6 Kh7 49. Nc8 a3 50. bxa3 Nf8 51. Nxb6 Kh8 52. c5 Ng6 53. c6 Kh7 54. c7 Kh8 55. c8=Q+ Kh7 56. Qg8+ Kh6 57. Qxg6# 1-0

[Event "CYCC U12"]
[Site "Victoria CAN"]
[Date "2009.07.22"]
[Round "5"]
[White "Farias, Durval"]
[Black "Sabaratnam, Thiruvaran"]
[Result "0-1"]
[WhiteElo "828"]
[BlackElo "1632"]
[PlyCount "38"]
[GameId "2160767910093744"]
[EventDate "2009.07.21"]
[EventType "swiss"]
[EventRounds "7"]
[EventCountry "CAN"]
[SourceTitle "EXT 2011"]
[Source "ChessBase"]
[SourceDate "2011.11.26"]
[SourceVersion "1"]
[SourceVersionDate "2011.11.26"]
[SourceQuality "1"]

1. d4 d5 2. e3 e6 3. h4 Nf6 4. b3 b6 5. Nf3 Bb7 6. Bb2 Be7 7. Be2 Nbd7 8. Nbd2 c5 9. c4 Rc8 10. O-O Ne4 11. Nxe4 dxe4 12. Nd2 O-O 13. Rc1 Bxh4 14. Ba3 Bf6 15. Nxe4 Bxe4 16. f3 Bb7 17. g3 Qc7 18. f4 Qc6 19. Rf2 Qh1# 0-1